| 000 | 01301nam a2200325 a 4500 | ||
|---|---|---|---|
| 001 | 000116217 | ||
| 003 | CHAP | ||
| 005 | 20220329144606.0 | ||
| 008 | 191008s2019 mx a |sm |||||||spa d | ||
| 010 | _a112678 | ||
| 011 | _a113650 | ||
| 040 | _cCHAP | ||
| 090 | _aTesis | ||
| 100 | 1 |
_aCardoso Carmona, Carlos Jesús. _9136985 |
|
| 245 | 1 | 0 |
_aBúsqueda de polimorfismos en el exón 10 del gen IGF2 en ovejas suffolk con condición corporal divergente y su influencia en variables reproductivas _h[En línea] _cpor Carlos Jesús Cardoso Carmona. |
| 260 |
_aChapingo, Méx. : _bEl autor, _c2019. |
||
| 500 | _aPara ver el contenido del material haga clic en la liga | ||
| 502 | _aTesis (Ing. Agr. Esp. en Zootecnia) -- UACH. Departamento de Enseñanza, Investigación y Servicio en Zootecnia | ||
| 590 |
_aBATCH-UPD _b05 _c20191008 _lUCH01 _h1036 |
||
| 590 |
_aE6339RRR _b05 _c20191008 _lUCH01 _h1036 |
||
| 590 |
_aE6339RRR _b05 _c20191008 _lUCH01 _h1036 |
||
| 650 | 1 | 4 |
_aGanado lanar _xAlimentación. _945153 |
| 650 | 1 | 4 |
_aGanado lanar _xAnatomía y fisiología. _945155 |
| 650 | 1 | 4 |
_aGanado lanar _xFecundidad. _945181 |
| 650 | 1 | 4 |
_aSincronización del celo. _9106556 |
| 856 |
_aFinding aid _uhttp://10.13.5.2/tesis/sist116217.pdf _zTeclea aquí |
||
| 901 | _aBK | ||
| 942 | _cTESIS | ||
| 942 | _n0 | ||
| 999 |
_c112678 _d112678 |
||